[Event "9th Vellmar Chess Days"]
[Site "chess24.com"]
[Date "2017.07.16"]
[Round "6"]
[White "Koronowski, Heinz-Juergen"]
[Black "Mann, Jonas"]
[Result "1/2-1/2"]
[Board "39"]
[WhiteElo "1753"]
[WhiteCountry "GER"]
[WhiteFideId "12943762"]
[WhiteEloChange "4"]
[BlackElo "1899"]
[BlackCountry "GER"]
[BlackFideId "12900214"]
[BlackEloChange "-4"]

1. e4 {[%clk 1:30:59]} c5 {[%clk 1:30:55]} 2. Nc3 {[%clk 1:31:24]} Nc6 {[%clk
1:31:17]} 3. f4 {[%clk 1:31:49]} g6 {[%clk 1:31:39]} 4. Nf3 {[%clk 1:32:13]} Bg7
{[%clk 1:32:03]} 5. Bb5 {[%clk 1:32:39]} Nd4 {[%clk 1:31:17]} 6. O-O {[%clk
1:33:00]} a6 {[%clk 1:28:37]} 7. Bd3 {[%clk 1:30:06]} d6 {[%clk 1:27:54]} 8. a4
{[%clk 1:27:49]} Bg4 {[%clk 1:27:31]} 9. Be2 {[%clk 1:26:26]} Bxf3 {[%clk
1:23:52]} 10. Bxf3 {[%clk 1:26:47]} e6 {[%clk 1:24:16]} 11. Ne2 {[%clk 1:24:08]}
Ne7 {[%clk 1:23:18]} 12. c3 {[%clk 1:23:47]} Ndc6 {[%clk 1:22:43]} 13. d3 {[%clk
1:22:36]} O-O {[%clk 1:22:39]} 14. Be3 {[%clk 1:20:14]} Qc7 {[%clk 1:21:25]} 15.
Ng3 {[%clk 1:15:56]} b5 {[%clk 1:17:12]} 16. axb5 {[%clk 1:13:19]} axb5 {[%clk
1:17:36]} 17. Qd2 {[%clk 1:13:42]} Na5 {[%clk 1:16:30]} 18. Qc2 {[%clk 1:09:35]}
c4 {[%clk 1:14:47]} 19. d4 {[%clk 1:07:23]} Nb3 {[%clk 1:14:57]} 20. Rxa8 {[%clk
1:07:38]} Rxa8 {[%clk 1:15:21]} 21. f5 {[%clk 1:04:38]} d5 {[%clk 1:14:08]} 22.
fxe6 {[%clk 0:56:27]} fxe6 {[%clk 1:13:33]} 23. Ne2 {[%clk 0:52:03]} Rf8 {[%clk
1:08:34]} 24. Bg4 {[%clk 0:45:09]} Rxf1+ {[%clk 1:08:48]} 25. Kxf1 {[%clk
0:45:37]} Qc6 {[%clk 1:09:06]} 26. Bf3 {[%clk 0:44:30]} Qa6 {[%clk 1:06:47]} 27.
Bg5 {[%clk 0:36:20]} dxe4 {[%clk 1:05:25]} 28. Bxe4 {[%clk 0:36:42]} Nd5 {[%clk
1:05:30]} 29. Bxd5 {[%clk 0:36:30]} exd5 {[%clk 1:05:52]} 30. g3 {[%clk 0:30:06]}
Qe6 {[%clk 1:00:43]} 31. Kg2 {[%clk 0:26:20]} Na1 {[%clk 0:59:01]} 32. Nf4 {[%clk
0:23:12]} Qg4 {[%clk 0:56:38]} 33. Qb1 {[%clk 0:20:15]} Nb3 {[%clk 0:55:17]} 34.
h4 {[%clk 0:16:00]} h6 {[%clk 0:29:55]} 35. Be7 {[%clk 0:08:07]} g5 {[%clk
0:25:17]} 36. Qg6 {[%clk 0:06:41]} Nd2 {[%clk 0:15:22]} 37. Qe6+ {[%clk 0:03:34]}
Qxe6 {[%clk 0:14:39]} 38. Nxe6 {[%clk 0:04:03]} Kf7 {[%clk 0:12:34]} 39. Nxg7
{[%clk 0:04:26]} Kxg7 {[%clk 0:13:00]} 40. hxg5 {[%clk 0:04:41]} hxg5 {[%clk
0:13:25]} 41. Bxg5 {[%clk 0:05:07]} Ne4 {[%clk 0:13:19]} 42. Bc1 {[%clk 0:05:25]}
Kg6 {[%clk 0:13:19]} 43. Kf3 {[%clk 0:05:29]} Kf5 {[%clk 0:12:42]} 44. g4+ {[%clk
0:05:11]} Ke6 {[%clk 0:13:05]} 45. Bf4 {[%clk 0:02:00]} Kf6 {[%clk 0:10:16]} 46.
Bc7 {[%clk 0:00:57]} Ke6 {[%clk 0:09:37]} 47. Bg3 {[%clk 0:28:17]} Ng5+ {[%clk
0:32:37]} 48. Ke3 {[%clk 0:27:03]} Ne4 {[%clk 0:32:55]} 49. Bh4 {[%clk 0:27:16]}
Nd6 {[%clk 0:29:02]} 50. Be1 {[%clk 0:26:34]} Nf7 {[%clk 0:27:14]} 51. Kf4 {[%clk
0:26:24]} Kf6 {[%clk 0:25:18]} 52. Bh4+ {[%clk 0:26:17]} Ke6 {[%clk 0:25:32]} 53.
g5 {[%clk 0:25:25]} Nh8 {[%clk 0:25:42]} 54. Kg4 {[%clk 0:24:52]} Ng6 {[%clk
0:25:07]} 55. Bg3 {[%clk 0:25:00]} Ne7 {[%clk 0:24:15]} 56. Be5 {[%clk 0:24:10]}
Ng6 {[%clk 0:23:04]} 1/2-1/2

[Event "9th Vellmar Chess Days"]
[Site "chess24.com"]
[Date "2017.07.16"]
[Round "6"]
[White "Verhoef, Ruud"]
[Black "Fischer, Andreas"]
[Result "1/2-1/2"]
[Board "40"]
[WhiteElo "1890"]
[WhiteCountry "NED"]
[WhiteFideId "1040774"]
[WhiteEloChange "-2"]
[BlackElo "1811"]
[BlackCountry "GER"]
[BlackFideId "1270053"]
[BlackEloChange "2"]

1. e4 {[%clk 1:30:56]} c5 {[%clk 1:30:53]} 2. Nf3 {[%clk 1:31:11]} e6 {[%clk
1:31:18]} 3. d3 {[%clk 1:31:22]} Nc6 {[%clk 1:31:31]} 4. Qe2 {[%clk 1:31:28]} Nf6
{[%clk 1:28:10]} 5. g3 {[%clk 1:31:47]} Be7 {[%clk 1:27:31]} 6. Bg2 {[%clk
1:32:05]} O-O {[%clk 1:27:46]} 7. O-O {[%clk 1:32:29]} Qc7 {[%clk 1:26:57]} 8.
Re1 {[%clk 1:26:08]} b5 {[%clk 1:18:06]} 9. e5 {[%clk 1:14:51]} Nd5 {[%clk
1:14:46]} 10. c4 {[%clk 1:12:54]} bxc4 {[%clk 1:10:30]} 11. dxc4 {[%clk 1:13:12]}
Nb6 {[%clk 1:10:28]} 12. Bf4 {[%clk 1:10:11]} Bb7 {[%clk 1:09:24]} 13. Nbd2
{[%clk 1:10:11]} d6 {[%clk 1:09:17]} 14. exd6 {[%clk 1:00:55]} Bxd6 {[%clk
1:09:06]} 15. Bxd6 {[%clk 1:01:15]} Qxd6 {[%clk 1:09:32]} 16. Ne4 {[%clk
1:01:21]} Qe7 {[%clk 1:09:12]} 17. b3 {[%clk 0:59:53]} Rfd8 {[%clk 1:07:07]} 18.
Red1 {[%clk 0:58:12]} a5 {[%clk 0:56:48]} 19. Qe3 {[%clk 0:56:23]} Nb4 {[%clk
0:51:06]} 20. Qxc5 {[%clk 0:49:07]} Qxc5 {[%clk 0:47:19]} 21. Nxc5 {[%clk
0:49:23]} Bc6 {[%clk 0:47:29]} 22. Nd4 {[%clk 0:36:12]} Bxg2 {[%clk 0:47:15]} 23.
Kxg2 {[%clk 0:36:39]} Nxa2 {[%clk 0:41:18]} 24. Rxa2 {[%clk 0:34:27]} e5 {[%clk
0:41:29]} 25. Rad2 {[%clk 0:32:54]} exd4 {[%clk 0:41:32]} 26. Rxd4 {[%clk
0:33:08]} Rdb8 {[%clk 0:37:29]} 27. Nb7 {[%clk 0:28:12]} a4 {[%clk 0:36:11]} 28.
c5 {[%clk 0:11:17]} axb3 {[%clk 0:34:33]} 29. c6 {[%clk 0:11:06]} Kf8 {[%clk
0:31:34]} 30. Rb4 {[%clk 0:07:38]} Ra6 {[%clk 0:28:16]} 31. Rxb3 {[%clk 0:02:39]}
Rc8 {[%clk 0:26:13]} 32. Nc5 {[%clk 0:02:39]} Ra5 {[%clk 0:26:07]} 33. Nb7 {[%clk
0:01:23]} Ra6 {[%clk 0:26:27]} 34. Nd6 {[%clk 0:01:18]} Rxc6 {[%clk 0:26:36]} 35.
Nf5 {[%clk 0:01:15]} Rc8 {[%clk 0:26:09]} 36. Rd6 {[%clk 0:01:07]} g6 {[%clk
0:25:24]} 37. Rdxb6 {[%clk 0:00:58]} Rxb6 {[%clk 0:25:29]} 38. Rxb6 {[%clk
0:01:19]} gxf5 {[%clk 0:25:55]} 39. Rb5 {[%clk 0:01:34]} f4 {[%clk 0:25:43]} 40.
g4 {[%clk 0:01:15]} Rc3 {[%clk 0:24:14]} 41. Rf5 {[%clk 0:00:56]} Kg7 {[%clk
0:24:03]} 42. Rxf4 {[%clk 0:29:52]} Rb3 {[%clk 0:53:01]} 43. Rf5 {[%clk 0:28:20]}
Rc3 {[%clk 0:48:07]} 44. Rg5+ {[%clk 0:27:28]} Kf6 {[%clk 0:40:21]} 45. Rg8
{[%clk 0:27:21]} Rc4 {[%clk 0:37:05]} 46. Kg3 {[%clk 0:26:59]} Rb4 {[%clk
0:36:47]} 47. g5+ {[%clk 0:25:49]} Kf5 {[%clk 0:36:39]} 48. h3 {[%clk 0:23:38]}
f6 {[%clk 0:36:29]} 49. gxf6 {[%clk 0:23:21]} Kxf6 {[%clk 0:36:48]} 50. h4 {[%clk
0:22:36]} Kf7 {[%clk 0:36:06]} 51. Rh8 {[%clk 0:20:35]} Kg7 {[%clk 0:36:21]} 52.
Rc8 {[%clk 0:21:03]} Ra4 {[%clk 0:35:16]} 53. Rc6 {[%clk 0:20:56]} Ra1 {[%clk
0:32:59]} 54. Kg2 {[%clk 0:20:10]} Ra4 {[%clk 0:32:24]} 55. Kg3 {[%clk 0:20:01]}
Ra1 {[%clk 0:31:09]} 56. Rb6 {[%clk 0:17:51]} Rc1 {[%clk 0:30:51]} 57. Ra6 {[%clk
0:18:03]} Rb1 {[%clk 0:31:13]} 58. f3 {[%clk 0:16:54]} Rc1 {[%clk 0:31:18]} 59.
h5 {[%clk 0:10:15]} Rh1 {[%clk 0:25:49]} 60. Kg4 {[%clk 0:10:22]} Rg1+ {[%clk
0:26:03]} 61. Kf5 {[%clk 0:10:10]} Rh1 {[%clk 0:24:38]} 62. h6+ {[%clk 0:08:33]}
Rxh6 {[%clk 0:24:11]} 63. Rxh6 {[%clk 0:08:49]} Kxh6 {[%clk 0:24:35]} 64. Kf6
{[%clk 0:08:49]} 1/2-1/2

[Event "9th Vellmar Chess Days"]
[Site "chess24.com"]
[Date "2017.07.16"]
[Round "6"]
[White "Helmer, Jan"]
[Black "Wehr, Alexander"]
[Result "1/2-1/2"]
[Board "41"]
[WhiteElo "1889"]
[WhiteCountry "GER"]
[WhiteFideId "12956686"]
[WhiteEloChange "-3"]
[BlackElo "1785"]
[BlackCountry "GER"]
[BlackFideId "24628913"]
[BlackEloChange "3"]

1. d4 {[%clk 1:23:17]} Nf6 {[%clk 1:30:52]} 2. Bg5 {[%clk 1:23:04]} g6 {[%clk
1:30:57]} 3. Bxf6 {[%clk 1:23:22]} exf6 {[%clk 1:31:21]} 4. e3 {[%clk 1:23:28]}
Bg7 {[%clk 1:31:44]} 5. Bd3 {[%clk 1:23:50]} f5 {[%clk 1:32:00]} 6. c3 {[%clk
1:24:09]} d6 {[%clk 1:32:15]} 7. Nd2 {[%clk 1:24:00]} Nd7 {[%clk 1:31:42]} 8. Ne2
{[%clk 1:23:52]} Nf6 {[%clk 1:32:03]} 9. O-O {[%clk 1:24:12]} O-O {[%clk
1:32:18]} 10. Qc2 {[%clk 1:23:40]} Re8 {[%clk 1:31:13]} 11. Rfe1 {[%clk 1:19:16]}
b6 {[%clk 1:30:21]} 12. Ng3 {[%clk 1:17:13]} Bb7 {[%clk 1:28:18]} 13. e4 {[%clk
1:15:18]} fxe4 {[%clk 1:23:09]} 14. Ndxe4 {[%clk 1:15:10]} Nd5 {[%clk 1:21:36]}
15. Qd2 {[%clk 1:04:21]} Qh4 {[%clk 1:18:32]} 16. Qg5 {[%clk 0:57:58]} Qxg5
{[%clk 1:17:10]} 17. Nxg5 {[%clk 0:57:37]} h6 {[%clk 1:16:29]} 18. Nh3 {[%clk
0:49:13]} Kf8 {[%clk 1:15:36]} 19. Bb5 {[%clk 0:35:26]} Rxe1+ {[%clk 1:15:07]}
20. Rxe1 {[%clk 0:35:50]} Rd8 {[%clk 1:15:16]} 21. Bd3 {[%clk 0:35:11]} Bc8
{[%clk 0:59:01]} 22. Bc4 {[%clk 0:34:16]} Be6 {[%clk 0:52:07]} 23. Bxd5 {[%clk
0:18:05]} Bxd5 {[%clk 0:52:14]} 24. Nf4 {[%clk 0:18:15]} Bb7 {[%clk 0:51:41]} 25.
Nd3 {[%clk 0:15:32]} c5 {[%clk 0:50:01]} 26. Ne2 {[%clk 0:03:43]} Ba6 {[%clk
0:46:25]} 27. Ndc1 {[%clk 0:03:49]} cxd4 {[%clk 0:44:02]} 28. Nxd4 {[%clk
0:02:52]} Bxd4 {[%clk 0:43:57]} 29. cxd4 {[%clk 0:03:18]} Rc8 {[%clk 0:44:18]}
30. b3 {[%clk 0:02:44]} Rc2 {[%clk 0:44:00]} 31. Rd1 {[%clk 0:03:12]} Be2 {[%clk
0:38:53]} 32. Re1 {[%clk 0:03:37]} Ba6 {[%clk 0:39:00]} 33. Rd1 {[%clk 0:03:54]}
Be2 {[%clk 0:39:21]} 1/2-1/2

[Event "9th Vellmar Chess Days"]
[Site "chess24.com"]
[Date "2017.07.16"]
[Round "6"]
[White "Lange, Lars"]
[Black "Henkemeier, Michael"]
[Result "1-0"]
[Board "42"]
[WhiteElo "1733"]
[WhiteCountry "GER"]
[WhiteFideId "16217900"]
[WhiteEloChange "14"]
[BlackElo "1879"]
[BlackCountry "GER"]
[BlackFideId "24611379"]
[BlackEloChange "-14"]

1. d4 {[%clk 1:29:55]} d5 {[%clk 1:30:52]} 2. c4 {[%clk 1:29:46]} c6 {[%clk
1:31:14]} 3. Nf3 {[%clk 1:29:49]} Nf6 {[%clk 1:31:38]} 4. Nc3 {[%clk 1:29:56]}
dxc4 {[%clk 1:31:56]} 5. a4 {[%clk 1:26:53]} Bf5 {[%clk 1:31:27]} 6. e3 {[%clk
1:23:42]} e6 {[%clk 1:31:48]} 7. Bxc4 {[%clk 1:23:33]} Bb4 {[%clk 1:31:54]} 8.
O-O {[%clk 1:22:35]} O-O {[%clk 1:32:16]} 9. Qe2 {[%clk 1:20:31]} Bg4 {[%clk
1:30:18]} 10. h3 {[%clk 1:18:07]} Bh5 {[%clk 1:29:09]} 11. Rd1 {[%clk 1:16:42]}
Bxc3 {[%clk 1:28:26]} 12. bxc3 {[%clk 1:17:01]} Ne4 {[%clk 1:28:37]} 13. Qc2
{[%clk 1:14:28]} Bxf3 {[%clk 1:20:44]} 14. gxf3 {[%clk 1:14:44]} Nd6 {[%clk
1:17:52]} 15. Bd3 {[%clk 1:11:31]} f5 {[%clk 1:07:10]} 16. Kh2 {[%clk 1:05:48]}
Nd7 {[%clk 1:00:45]} 17. Rg1 {[%clk 0:57:54]} Qc7 {[%clk 0:56:02]} 18. Kh1 {[%clk
0:52:05]} Nf6 {[%clk 0:46:15]} 19. e4 {[%clk 0:46:12]} Nd7 {[%clk 0:46:02]} 20.
Qa2 {[%clk 0:37:12]} Rae8 {[%clk 0:43:30]} 21. e5 {[%clk 0:34:05]} Nf7 {[%clk
0:43:00]} 22. Bc4 {[%clk 0:29:57]} Nd8 {[%clk 0:42:04]} 23. Bg5 {[%clk 0:28:58]}
Kf7 {[%clk 0:39:54]} 24. Rab1 {[%clk 0:25:50]} Nb6 {[%clk 0:39:13]} 25. Bd3
{[%clk 0:20:53]} g6 {[%clk 0:38:04]} 26. a5 {[%clk 0:18:20]} Nd5 {[%clk 0:33:58]}
27. Qa3 {[%clk 0:17:38]} h6 {[%clk 0:30:37]} 28. Bd2 {[%clk 0:16:25]} Rh8 {[%clk
0:26:56]} 29. c4 {[%clk 0:15:28]} Ne7 {[%clk 0:27:18]} 30. Bb4 {[%clk 0:13:43]}
Nc8 {[%clk 0:27:24]} 31. Rgd1 {[%clk 0:11:45]} Rhg8 {[%clk 0:26:36]} 32. Bd6
{[%clk 0:06:58]} Qd7 {[%clk 0:25:57]} 33. Bc2 {[%clk 0:06:25]} Rh8 {[%clk
0:21:56]} 34. Ba4 {[%clk 0:06:12]} Rh7 {[%clk 0:15:10]} 35. d5 {[%clk 0:05:13]}
exd5 {[%clk 0:08:52]} 36. cxd5 {[%clk 0:04:57]} Nxd6 {[%clk 0:08:36]} 37. exd6
{[%clk 0:04:25]} f4 {[%clk 0:05:37]} 38. Kg2 {[%clk 0:02:58]} Re5 {[%clk
0:05:22]} 39. dxc6 {[%clk 0:02:00]} Rg5+ {[%clk 0:04:46]} 40. Kh2 {[%clk
0:02:17]} Nxc6 {[%clk 0:04:56]} 41. Bxc6 {[%clk 0:00:36]} bxc6 {[%clk 0:03:06]}
42. Re1 {[%clk 0:28:37]} 1-0

[Event "9th Vellmar Chess Days"]
[Site "chess24.com"]
[Date "2017.07.16"]
[Round "6"]
[White "Tuhacek, Christian"]
[Black "Flach, Helene"]
[Result "1/2-1/2"]
[Board "43"]
[WhiteElo "2027"]
[WhiteCountry "GER"]
[WhiteFideId "24630748"]
[WhiteEloChange "-5"]
[BlackElo "1819"]
[BlackCountry "GER"]
[BlackFideId "12929735"]
[BlackEloChange "5"]

1. Nc3 {[%clk 1:30:46]} d5 {[%clk 1:30:43]} 2. e4 {[%clk 1:31:11]} d4 {[%clk
1:31:00]} 3. Nce2 {[%clk 1:31:34]} e5 {[%clk 1:31:15]} 4. Ng3 {[%clk 1:31:58]}
Be6 {[%clk 1:31:32]} 5. b3 {[%clk 1:31:56]} Nc6 {[%clk 1:30:48]} 6. Bc4 {[%clk
1:30:03]} Qd7 {[%clk 1:29:19]} 7. Bxe6 {[%clk 1:28:45]} Qxe6 {[%clk 1:29:29]} 8.
Nh3 {[%clk 1:27:04]} f6 {[%clk 1:24:46]} 9. f4 {[%clk 1:17:24]} O-O-O {[%clk
1:21:37]} 10. d3 {[%clk 1:12:02]} Bb4+ {[%clk 1:19:32]} 11. Bd2 {[%clk 1:12:09]}
Nh6 {[%clk 1:14:36]} 12. Bxb4 {[%clk 1:06:46]} Nxb4 {[%clk 1:14:48]} 13. a3
{[%clk 1:07:05]} Nc6 {[%clk 1:14:34]} 14. f5 {[%clk 1:04:58]} Qd7 {[%clk
1:07:42]} 15. O-O {[%clk 1:03:55]} Rdf8 {[%clk 1:02:43]} 16. Nf2 {[%clk 1:02:06]}
Ne7 {[%clk 0:52:42]} 17. Ng4 {[%clk 0:59:39]} Nxg4 {[%clk 0:49:32]} 18. Qxg4
{[%clk 0:59:58]} g6 {[%clk 0:49:42]} 19. Qe2 {[%clk 0:58:34]} Rhg8 {[%clk
0:45:05]} 20. Rf2 {[%clk 0:57:33]} Rg7 {[%clk 0:30:21]} 21. Kh1 {[%clk 0:38:32]}
Nc6 {[%clk 0:26:28]} 22. Qf1 {[%clk 0:24:30]} g5 {[%clk 0:26:04]} 23. Nh5 {[%clk
0:21:08]} Rgf7 {[%clk 0:25:12]} 24. g4 {[%clk 0:20:13]} Qe7 {[%clk 0:23:52]} 25.
b4 {[%clk 0:19:30]} a6 {[%clk 0:22:18]} 26. Qb1 {[%clk 0:18:49]} Na7 {[%clk
0:20:51]} 27. Qb3 {[%clk 0:15:04]} Re8 {[%clk 0:18:06]} 28. a4 {[%clk 0:13:43]}
b6 {[%clk 0:16:55]} 29. Qc4 {[%clk 0:09:42]} Kb7 {[%clk 0:16:28]} 30. Rff1 {[%clk
0:08:22]} Rff8 {[%clk 0:15:24]} 31. Rab1 {[%clk 0:05:56]} Qd7 {[%clk 0:13:32]}
32. Qb3 {[%clk 0:05:01]} Re7 {[%clk 0:10:43]} 33. Rfc1 {[%clk 0:05:05]} Qd8
{[%clk 0:09:56]} 34. Kg2 {[%clk 0:03:30]} Rd7 {[%clk 0:09:59]} 35. Kf2 {[%clk
0:03:28]} Qe7 {[%clk 0:08:55]} 36. Ke2 {[%clk 0:02:39]} Rfd8 {[%clk 0:07:02]} 37.
Rf1 {[%clk 0:02:37]} Rd6 {[%clk 0:07:18]} 38. b5 {[%clk 0:01:50]} 1/2-1/2

[Event "9th Vellmar Chess Days"]
[Site "chess24.com"]
[Date "2017.07.16"]
[Round "6"]
[White "Schubert, Matthias"]
[Black "Boerma, Daniel"]
[Result "1-0"]
[Board "44"]
[WhiteElo "1916"]
[WhiteCountry "GER"]
[WhiteFideId "24661139"]
[WhiteEloChange "7"]
[BlackElo "1825"]
[BlackCountry "GER"]
[BlackFideId "12965715"]
[BlackEloChange "-7"]

1. e4 {[%clk 1:30:55]} c5 {[%clk 1:30:57]} 2. Nf3 {[%clk 1:31:10]} e6 {[%clk
1:31:22]} 3. d4 {[%clk 1:31:01]} cxd4 {[%clk 1:31:46]} 4. Nxd4 {[%clk 1:31:26]}
Nf6 {[%clk 1:31:49]} 5. Nc3 {[%clk 1:31:49]} Nc6 {[%clk 1:32:10]} 6. Ndb5 {[%clk
1:31:17]} d6 {[%clk 1:31:39]} 7. Bf4 {[%clk 1:31:33]} e5 {[%clk 1:31:32]} 8. Bg5
{[%clk 1:31:57]} a6 {[%clk 1:31:13]} 9. Bxf6 {[%clk 1:31:32]} gxf6 {[%clk
1:30:53]} 10. Na3 {[%clk 1:31:55]} Be6 {[%clk 1:30:17]} 11. Nd5 {[%clk 1:30:41]}
Nd4 {[%clk 1:27:09]} 12. c3 {[%clk 1:27:56]} Bxd5 {[%clk 1:26:01]} 13. exd5
{[%clk 1:24:23]} Nf5 {[%clk 1:26:09]} 14. Bd3 {[%clk 1:21:11]} Nh4 {[%clk
1:23:44]} 15. Qa4+ {[%clk 1:19:07]} 1-0

[Event "9th Vellmar Chess Days"]
[Site "chess24.com"]
[Date "2017.07.16"]
[Round "6"]
[White "Wohlrabe, Joerg"]
[Black "Vergin, Marcel"]
[Result "0-1"]
[Board "45"]
[WhiteElo "1791"]
[WhiteCountry "GER"]
[WhiteFideId "4688660"]
[WhiteEloChange "-10"]
[BlackElo "1777"]
[BlackCountry "GER"]
[BlackFideId "12946010"]
[BlackEloChange "10"]

1. e4 {[%clk 1:30:57]} c5 {[%clk 1:30:53]} 2. Nf3 {[%clk 1:31:22]} a6 {[%clk
1:31:18]} 3. d4 {[%clk 1:31:45]} cxd4 {[%clk 1:31:27]} 4. Nxd4 {[%clk 1:32:06]}
Nf6 {[%clk 1:31:41]} 5. Nc3 {[%clk 1:32:29]} e5 {[%clk 1:31:41]} 6. Nf3 {[%clk
1:32:12]} Bb4 {[%clk 1:31:59]} 7. Bd3 {[%clk 1:30:33]} d5 {[%clk 1:31:09]} 8. Nd2
{[%clk 1:28:29]} Bxc3 {[%clk 1:23:04]} 9. bxc3 {[%clk 1:28:52]} Bg4 {[%clk
1:22:12]} 10. f3 {[%clk 1:28:09]} Be6 {[%clk 1:22:10]} 11. exd5 {[%clk 1:27:09]}
Nxd5 {[%clk 1:21:13]} 12. Nb1 {[%clk 1:20:59]} O-O {[%clk 1:13:42]} 13. Qe2
{[%clk 1:17:43]} Nc6 {[%clk 1:05:36]} 14. a3 {[%clk 1:11:25]} f5 {[%clk 1:01:00]}
15. O-O {[%clk 1:07:13]} f4 {[%clk 0:52:35]} 16. c4 {[%clk 1:03:02]} Nb6 {[%clk
0:52:34]} 17. Bb2 {[%clk 1:02:56]} Nd7 {[%clk 0:46:49]} 18. Bc3 {[%clk 0:56:09]}
Rf6 {[%clk 0:45:09]} 19. Rd1 {[%clk 0:52:56]} Rh6 {[%clk 0:44:27]} 20. Nd2 {[%clk
0:51:11]} Qb6+ {[%clk 0:38:02]} 21. Kh1 {[%clk 0:50:41]} Nd4 {[%clk 0:37:48]} 22.
Bxd4 {[%clk 0:50:08]} Qxd4 {[%clk 0:37:51]} 23. Nf1 {[%clk 0:49:28]} Qc5 {[%clk
0:36:42]} 24. Rab1 {[%clk 0:42:05]} Rb8 {[%clk 0:34:05]} 25. Ra1 {[%clk 0:35:46]}
Nf6 {[%clk 0:25:22]} 26. Nd2 {[%clk 0:34:34]} Nh5 {[%clk 0:25:00]} 27. Nf1 {[%clk
0:31:11]} Ng3+ {[%clk 0:25:16]} 28. Nxg3 {[%clk 0:31:35]} fxg3 {[%clk 0:25:40]}
29. h3 {[%clk 0:31:33]} Bxh3 {[%clk 0:25:48]} 30. gxh3 {[%clk 0:30:40]} Rxh3+
{[%clk 0:26:04]} 31. Kg2 {[%clk 0:31:02]} Rh2+ {[%clk 0:26:22]} 32. Kxg3 {[%clk
0:31:26]} Rxe2 {[%clk 0:26:44]} 33. Bxe2 {[%clk 0:31:47]} e4 {[%clk 0:24:57]} 34.
fxe4 {[%clk 0:28:34]} Qe3+ {[%clk 0:24:22]} 35. Bf3 {[%clk 0:28:54]} Rf8 {[%clk
0:24:37]} 36. Rf1 {[%clk 0:28:22]} Rf6 {[%clk 0:24:36]} 0-1

[Event "9th Vellmar Chess Days"]
[Site "chess24.com"]
[Date "2017.07.16"]
[Round "6"]
[White "Woellenstein, Sebastian"]
[Black "Wolf, Philipp"]
[Result "1-0"]
[Board "46"]
[WhiteElo "1736"]
[WhiteCountry "GER"]
[WhiteFideId "12974706"]
[WhiteEloChange "14"]
[BlackElo "1865"]
[BlackCountry "GER"]
[BlackFideId "12958948"]
[BlackEloChange "-14"]

1. e4 {[%clk 1:30:57]} c5 {[%clk 1:26:28]} 2. Nf3 {[%clk 1:31:20]} e6 {[%clk
1:26:50]} 3. d4 {[%clk 1:30:31]} cxd4 {[%clk 1:27:13]} 4. Nxd4 {[%clk 1:30:58]}
Nc6 {[%clk 1:27:28]} 5. Nc3 {[%clk 1:27:00]} Qc7 {[%clk 1:27:38]} 6. Be2 {[%clk
1:27:13]} Nf6 {[%clk 1:27:41]} 7. f4 {[%clk 1:26:11]} e5 {[%clk 1:11:28]} 8. Ndb5
{[%clk 1:14:28]} Qb8 {[%clk 0:58:15]} 9. Nd5 {[%clk 1:12:17]} Nxd5 {[%clk
0:55:04]} 10. exd5 {[%clk 1:11:51]} a6 {[%clk 0:46:13]} 11. dxc6 {[%clk 1:10:14]}
axb5 {[%clk 0:46:27]} 12. cxd7+ {[%clk 1:10:18]} Bxd7 {[%clk 0:46:43]} 13. O-O
{[%clk 1:10:30]} Bc5+ {[%clk 0:41:55]} 14. Kh1 {[%clk 1:10:55]} Bc6 {[%clk
0:33:44]} 15. fxe5 {[%clk 1:06:39]} Qxe5 {[%clk 0:33:18]} 16. Bxb5 {[%clk
1:06:39]} O-O {[%clk 0:25:14]} 17. Bxc6 {[%clk 1:06:21]} bxc6 {[%clk 0:25:36]}
18. c3 {[%clk 1:04:46]} Qe6 {[%clk 0:19:26]} 19. Qf3 {[%clk 1:01:47]} Rfb8 {[%clk
0:16:00]} 20. Qf5 {[%clk 1:00:13]} Qe7 {[%clk 0:12:24]} 21. Bg5 {[%clk 0:58:44]}
f6 {[%clk 0:09:28]} 22. Rfe1 {[%clk 0:58:10]} Rxa2 {[%clk 0:04:17]} 23. Rad1
{[%clk 0:56:14]} Qf8 {[%clk 0:00:56]} 24. Bc1 {[%clk 0:55:01]} Raa8 {[%clk
0:00:37]} 25. b4 {[%clk 0:52:12]} Ba7 {[%clk 0:00:36]} 26. Re4 {[%clk 0:44:25]}
Rd8 {[%clk 0:00:37]} 27. Qe6+ {[%clk 0:44:11]} Kh8 {[%clk 0:00:39]} 28. Rde1
{[%clk 0:44:03]} Bf2 {[%clk 0:00:36]} 29. Rf1 {[%clk 0:41:45]} Rd6 {[%clk
0:00:34]} 30. Qb3 {[%clk 0:41:21]} Bb6 {[%clk 0:00:36]} 31. Bf4 {[%clk 0:39:26]}
Rd7 {[%clk 0:00:34]} 32. Qe6 {[%clk 0:39:26]} Rda7 {[%clk 0:00:36]} 33. Qxc6
{[%clk 0:35:27]} Bf2 {[%clk 0:00:35]} 34. g3 {[%clk 0:34:14]} Ra2 {[%clk
0:00:36]} 35. Qc4 {[%clk 0:26:44]} Bb6 {[%clk 0:00:37]} 36. Be3 {[%clk 0:23:53]}
Bxe3 {[%clk 0:00:37]} 37. Rxe3 {[%clk 0:24:14]} Qd6 {[%clk 0:00:34]} 38. Qe6
{[%clk 0:22:13]} Qb8 {[%clk 0:00:32]} 39. Qd5 {[%clk 0:21:27]} Qb6 {[%clk
0:00:36]} 40. Rfe1 {[%clk 0:20:44]} Qb8 {[%clk 0:00:32]} 41. Qc6 {[%clk 0:18:00]}
Ra1 {[%clk 0:26:17]} 42. Re8+ {[%clk 0:48:18]} Qxe8 {[%clk 0:26:24]} 43. Qxe8+
{[%clk 0:48:45]} Rxe8 {[%clk 0:26:48]} 44. Rxa1 {[%clk 0:49:13]} Kg8 {[%clk
0:26:02]} 45. b5 {[%clk 0:46:32]} Rb8 {[%clk 0:18:21]} 46. c4 {[%clk 0:45:57]}
Rb7 {[%clk 0:17:21]} 47. Kg2 {[%clk 0:46:13]} Kf7 {[%clk 0:16:40]} 48. Kf3 {[%clk
0:45:52]} Rc7 {[%clk 0:11:03]} 49. Rc1 {[%clk 0:45:55]} Rb7 {[%clk 0:08:23]} 50.
Ke4 {[%clk 0:46:14]} Ke6 {[%clk 0:08:46]} 51. Kd4 {[%clk 0:45:29]} Kd6 {[%clk
0:08:58]} 52. Kc3 {[%clk 0:45:07]} Kc5 {[%clk 0:06:44]} 53. Rd1 {[%clk 0:45:29]}
Kb6 {[%clk 0:01:31]} 54. Rd6+ {[%clk 0:45:02]} Kc7 {[%clk 0:01:19]} 55. Rc6+
{[%clk 0:45:28]} Kd7 {[%clk 0:00:45]} 56. Kd4 {[%clk 0:45:07]} h6 {[%clk
0:00:42]} 57. Kd5 {[%clk 0:45:26]} h5 {[%clk 0:00:38]} 58. b6 {[%clk 0:45:30]}
1-0